000 00609nam a22001937a 4500
005 20150911110959.0
010 _aENG-113919
020 _c200.00
_a9789350450789
035 _aEN-97451
037 _bDBAD/PUB
_adpl
082 _a881
100 _aReddy, D.Veeru
245 _aWhispering shadows /
_cby D. Veeru Reddy
250 _a2nd ed
260 _aCalcutta
_bWriters Workshop
_c2014
270 _a162/92, Lake Gardens,
_bCalcutta
_e700045
300 _a75p.
_c22cm(Hb)
942 _2ddc
_cEN
_mRED
_h881
999 _c96524
_d96524